Statistics for Lana Del Rey- Say Yes To Heaven (All Lyrics)

Click here to take the quiz!

General Stats

  • This quiz has been taken 590 times
  • The average score is 163 of 183

Answer Stats

Lyrics% Correct
Heaven
99%
I
99%
to
99%
me
98%
Say
98%
yes
98%
You
98%
you
98%
you,
98%
go,
96%
my
96%
on,
96%
on
96%
eye
95%
got
95%
a
94%
I've
91%
If
90%
if
90%
I'll
90%
dance,
89%
dance
89%
And
88%
don't,
87%
anyway
86%
chance
84%
Give
84%
stay
84%
the
83%
be
81%
mind
81%
peace
81%
here
79%
right
78%
Let
76%
away
75%
have
75%
back,
74%
come
73%
'Cause
70%
fall
70%
fear
70%
Like
70%
dress
66%
red
66%
put
65%
It
64%
it
64%
clear
63%
In
63%
sea
63%
at
62%
fight,
59%
fight
59%
doesn't
57%
it's
57%
matter
57%
now,
57%
storm,
57%
all
55%
gone
55%
get
53%
barge
47%
mm
25%

Score Distribution

Percentile by Number Answered

Percent of People with Each Score

Your Score History

You have not taken this quiz